[Event "Titled Tue 27th May Late"]
[Site "chess.com INT"]
[Date "2025.05.27"]
[Round "2"]
[White "Danzer, George"]
[Black "Fadi, Marko"]
[Result "0-1"]
[WhiteTitle "CM"]
[BlackTitle "FM"]
[WhiteElo "2172"]
[BlackElo "2244"]
[WhiteFideId "4659465"]
[BlackFideId "10605371"]
[EventDate "2025.05.27"]

1. e4 c5 2. Nf3 Nc6 3. d4 cxd4 4. Nxd4 g6 5. c4 Bg7 6. Be3 Nf6 7. Nc3 O-O 8. Be2
Nxd4 9. Bxd4 d6 10. O-O Bd7 11. Rc1 Bc6 12. f3 a5 13. Kh1 Nd7 14. Bxg7 Kxg7 15.
Qd4+ Kg8 16. Nd5 Bxd5 17. exd5 Qb6 18. Qd2 Rac8 19. Rc3 Qb4 20. Rd1 Rc7 21. h4
Nf6 22. g4 Rfc8 23. Kg2 b5 24. h5 bxc4 25. hxg6 fxg6 26. g5 Nh5 27. f4 Ng7 28.
Bg4 Rf8 29. Rh1 Rb7 30. b3 cxb3 31. axb3 Qxf4 32. Qxf4 Rxf4 33. Rc8+ Kf7 34.
Be6+ Nxe6 35. dxe6+ Kxe6 36. Rxh7 Rg4+ 37. Kf2 Rxg5 38. Rh4 Rxb3 39. Re4+ Re5
40. Rg4 g5 41. Ra8 Kf5 42. Ra4 Rc5 43. Rf8+ Kg6 44. Rg8+ Kf7 45. Ra8 Rc2+ 46.
Ke1 Rb1# 0-1

[Event "Titled Tue 27th May Late"]
[Site "chess.com INT"]
[Date "2025.05.27"]
[Round "2"]
[White "Antoniou, Rafail"]
[Black "Dambaev, Dashi"]
[Result "1/2-1/2"]
[WhiteTitle "CM"]
[BlackTitle "CM"]
[WhiteElo "2134"]
[BlackElo "2211"]
[WhiteFideId "5904390"]
[BlackFideId "55628494"]
[EventDate "2025.05.27"]

1. e4 c5 2. c3 d5 3. exd5 Qxd5 4. d4 Nf6 5. Nf3 Bg4 6. Nbd2 e6 7. Bc4 Qc6 8. O-O
Nbd7 9. Qb3 a6 10. h3 Bh5 11. Re1 Be7 12. Ne5 Nxe5 13. dxe5 Nd7 14. a4 O-O 15.
Nf1 Nb6 16. a5 Nxc4 17. Qxc4 Rfd8 18. Ng3 Bg6 19. Be3 Qd5 20. Qa4 Qxe5 21. Qb3
Qd5 22. Qxd5 Rxd5 23. Ne2 e5 24. c4 Rd3 25. Nc3 f6 26. Nd5 Bf8 27. Rad1 Rb3 28.
Rd2 Bf7 29. Nb6 Re8 30. Rb1 g5 31. Rd7 Rb8 32. Rc7 Bd6 33. Rd7 Bf8 34. Rc7 Bd6
35. Rd7 Bf8 1/2-1/2

[Event "Titled Tue 27th May Late"]
[Site "chess.com INT"]
[Date "2025.05.27"]
[Round "2"]
[White "Kravtsiv, Martyn"]
[Black "Chocenka, Dmitrijus"]
[Result "1-0"]
[WhiteTitle "GM"]
[BlackTitle "FM"]
[WhiteElo "2598"]
[BlackElo "2304"]
[WhiteFideId "14113147"]
[BlackFideId "12802336"]
[EventDate "2025.05.27"]

1. e4 c5 2. Nc3 Nc6 3. Bb5 g6 4. Bxc6 bxc6 5. f4 d6 6. Nf3 Bg7 7. O-O Nf6 8. d3
Rb8 9. Qe1 O-O 10. Qh4 h6 11. h3 c4 12. dxc4 Ba6 13. e5 Nh7 14. b3 Qa5 15. Bd2
Qc5+ 16. Kh1 d5 17. Na4 Qa3 18. Bc1 Qb4 19. a3 Qa5 20. Bd2 Qc7 21. Nc5 Bc8 22.
cxd5 cxd5 23. b4 Bf5 24. Nd4 Be4 25. Qg3 e6 26. c4 Rfd8 27. Be3 Qe7 28. Nc6 Qc7
29. Nxb8 Qxb8 30. Nxe4 dxe4 31. Rfd1 Rd3 32. Rxd3 exd3 33. Rd1 g5 34. Rxd3 gxf4
35. Bxf4 1-0

[Event "Titled Tue 27th May Late"]
[Site "chess.com INT"]
[Date "2025.05.27"]
[Round "2"]
[White "Popovic, Dobrivoj"]
[Black "Rees, Ioan"]
[Result "0-1"]
[WhiteTitle "CM"]
[BlackTitle "FM"]
[WhiteElo "1945"]
[BlackElo "2288"]
[WhiteFideId "907103"]
[BlackFideId "1801236"]
[EventDate "2025.05.27"]

1. e4 e5 2. Nf3 Nc6 3. Bc4 Nf6 4. Ng5 d5 5. exd5 Na5 6. Bb5+ Bd7 7. Qe2 Be7 8.
Nf3 Nxd5 9. Bxd7+ Qxd7 10. Nxe5 Qf5 11. d4 Nb4 12. Na3 O-O-O 13. c3 Nbc6 14.
Nxc6 Nxc6 15. O-O Bxa3 16. bxa3 Rhe8 17. Qc4 Na5 18. Qb4 Qd5 19. Bf4 Nc4 20.
Rab1 Re2 21. Qa4 a6 22. Qd1 Rde8 23. Rb4 Nxa3 24. Qd3 Re1 25. c4 Qe4 26. Qh3+ f5
27. Be3 Rxf1+ 28. Kxf1 Qd3+ 29. Ke1 Nc2# 0-1

[Event "Titled Tue 27th May Late"]
[Site "chess.com INT"]
[Date "2025.05.27"]
[Round "2"]
[White "Firouzja, Alireza"]
[Black "Barria Zuniga, Daniel"]
[Result "1-0"]
[WhiteTitle "GM"]
[BlackTitle "IM"]
[WhiteElo "2757"]
[BlackElo "2341"]
[WhiteFideId "12573981"]
[BlackFideId "3400816"]
[EventDate "2025.05.27"]

1. d4 Nf6 2. c4 g6 3. Nc3 Bg7 4. e4 O-O 5. Nf3 d6 6. Be2 c5 7. O-O Nc6 8. d5 Na5
9. Bf4 Nh5 10. Be3 e5 11. a3 b6 12. b4 Nb7 13. Rc1 Bd7 14. g3 cxb4 15. axb4 a5
16. bxa5 Rxa5 17. Rb1 Nc5 18. Nd2 Nf6 19. f3 Ra3 20. Qc2 Qc7 21. Ra1 Rfa8 22.
Qb2 Qa7 23. Rxa3 Qxa3 24. Rb1 h5 25. Nd1 Kh7 26. Qxa3 Rxa3 27. Rxb6 Bh6 28. Bxc5
dxc5 29. Rxf6 Kg7 30. Rd6 Bxd2 31. Rxd7 1-0

[Event "Titled Tue 27th May Late"]
[Site "chess.com INT"]
[Date "2025.05.27"]
[Round "2"]
[White "Przybylski, Wojciech"]
[Black "Plat, Vojtech"]
[Result "0-1"]
[WhiteTitle "FM"]
[BlackTitle "GM"]
[WhiteElo "2340"]
[BlackElo "2482"]
[WhiteFideId "1117599"]
[BlackFideId "325740"]
[EventDate "2025.05.27"]

1. d4 d6 2. e4 Nf6 3. Nc3 e5 4. Nf3 exd4 5. Nxd4 Be7 6. Be2 O-O 7. O-O Re8 8.
Re1 Bf8 9. Bf1 c5 10. Nb3 Nc6 11. h3 Be6 12. Bg5 Be7 13. Qd2 h6 14. Bf4 d5 15.
exd5 Nxd5 16. Nxd5 Qxd5 17. Qxd5 Bxd5 18. Rad1 Be6 19. Bd6 Bxd6 20. Rxd6 Bxb3
21. Rxe8+ Rxe8 22. axb3 Re1 23. c3 Rb1 24. Rd2 Na5 25. g3 Nxb3 26. Rd8+ Kh7 27.
Rd7 Kg6 28. Kg2 Rxb2 29. Rxb7 a5 30. Bd3+ Kf6 31. Bc4 a4 32. Rxf7+ Ke5 33. Ra7
Nd2 34. Rxa4 Ne4 35. Kf3 Rxf2+ 36. Ke3 Rg2 37. Ra7 Rxg3+ 38. Ke2 Nxc3+ 39. Kf2
Ne4+ 40. Ke2 Kd4 41. Be6 Re3+ 42. Kf1 Nd2+ 43. Kf2 Rxe6 0-1

[Event "Titled Tue 27th May Late"]
[Site "chess.com INT"]
[Date "2025.05.27"]
[Round "2"]
[White "Sarana, Alexey"]
[Black "Cernov, Henrik"]
[Result "1-0"]
[WhiteTitle "GM"]
[BlackTitle "FM"]
[WhiteElo "2686"]
[BlackElo "2325"]
[WhiteFideId "24133795"]
[BlackFideId "16258312"]
[EventDate "2025.05.27"]

1. d4 Nf6 2. c4 Nc6 3. Nc3 e5 4. d5 Ne7 5. e4 Ng6 6. Be3 Bb4 7. f3 Bxc3+ 8. bxc3
d6 9. c5 O-O 10. Qd2 Nd7 11. cxd6 cxd6 12. Bd3 Qc7 13. Ne2 Nc5 14. O-O b6 15.
Rfc1 f5 16. c4 fxe4 17. Bxe4 Bf5 18. Bxf5 Rxf5 19. Ng3 Rf7 20. Bxc5 Qxc5+ 21.
Kh1 h6 22. Ne4 Qc7 23. a4 Nf4 24. a5 Rff8 25. h3 Rab8 26. axb6 Rxb6 27. c5 dxc5
28. d6 Qd7 29. Rxc5 Nxh3 30. Rc7 Qf5 31. Raxa7 Rb1+ 32. Kh2 Nf4 33. Rxg7+ Kh8
34. Rh7+ Qxh7 35. Rxh7+ Kxh7 36. Qc2 Rfb8 37. Nd2+ 1-0

[Event "Titled Tue 27th May Late"]
[Site "chess.com INT"]
[Date "2025.05.27"]
[Round "2"]
[White "Efimov, Leonid"]
[Black "Saidov, Bilukhadzh"]
[Result "0-1"]
[WhiteTitle "FM"]
[BlackTitle "FM"]
[WhiteElo "2260"]
[BlackElo "2309"]
[WhiteFideId "54165725"]
[BlackFideId "34165476"]
[EventDate "2025.05.27"]

1. Nf3 d5 2. e3 Nf6 3. b4 e5 4. Nxe5 Bxb4 5. Be2 O-O 6. O-O Bd6 7. Nf3 c5 8. c4
d4 9. exd4 cxd4 10. d3 Nc6 11. Ba3 Re8 12. Re1 Bc7 13. Nbd2 Ba5 14. Bf1 Rxe1 15.
Qxe1 Bg4 16. Qb1 Qd7 17. h3 Bh5 18. Qb5 a6 19. Qg5 h6 20. Qh4 Re8 21. Rb1 Bc3
22. Ne4 Nxe4 23. Qxh5 Nf6 24. Qc5 a5 25. Qb6 Nb4 26. Bxb4 axb4 27. g4 Qc6 28.
Qxc6 bxc6 29. Bg2 c5 30. Kf1 Re7 0-1

[Event "Titled Tue 27th May Late"]
[Site "chess.com INT"]
[Date "2025.05.27"]
[Round "2"]
[White "Ragger, Markus"]
[Black "Tamer Waguih, Farid"]
[Result "1/2-1/2"]
[WhiteTitle "GM"]
[BlackTitle "FM"]
[WhiteElo "2566"]
[BlackElo "2206"]
[WhiteFideId "1610856"]
[BlackFideId "10685723"]
[EventDate "2025.05.27"]

1. d4 d5 2. c4 e6 3. Nf3 Nf6 4. g3 Be7 5. Bg2 O-O 6. O-O c6 7. Qc2 Nbd7 8. Nbd2
b6 9. e4 dxc4 10. Nxc4 Bb7 11. Rd1 c5 12. e5 Nd5 13. Nd6 Bxd6 14. Ng5 g6 15.
exd6 Rc8 16. Qe4 cxd4 17. Qxd4 Rxc1 18. Raxc1 Qxg5 19. a4 Nc5 20. Rc2 a5 21. Re2
Rd8 22. Re5 Qh6 23. Ree1 Qg7 24. Qd2 Rxd6 25. h4 h5 26. Qe2 Qf6 27. Rd2 Nb3 28.
Rdd1 Nc5 29. Rd2 Nb3 30. Rdd1 Nc5 1/2-1/2

[Event "Titled Tue 27th May Late"]
[Site "chess.com INT"]
[Date "2025.05.27"]
[Round "2"]
[White "Fernandez Hernandez, Arturo A."]
[Black "Petriashvili, Nikoloz"]
[Result "0-1"]
[WhiteTitle "FM"]
[BlackTitle "IM"]
[WhiteElo "2300"]
[BlackElo "2468"]
[WhiteFideId "3509230"]
[BlackFideId "13611216"]
[EventDate "2025.05.27"]

1. e4 Na6 2. d4 c6 3. c3 d5 4. Nd2 dxe4 5. Nxe4 Nf6 6. Bd3 Nxe4 7. Bxe4 g6 8.
Be3 Bg7 9. Qd2 O-O 10. Nf3 Be6 11. O-O Bd5 12. Bxd5 Qxd5 13. Bh6 Rfe8 14. Bxg7
Kxg7 15. Rfe1 Rad8 16. Re5 Qd6 17. Rae1 Nb8 18. Qe3 e6 19. Ng5 Nd7 20. Ra5 Qc7
21. Ra3 a6 22. Qh3 h6 23. Ne4 e5 24. Qg3 Qb8 25. dxe5 Qxe5 26. Qxe5+ Rxe5 27.
Kf1 Rde8 28. f3 Nc5 29. Rd1 Nxe4 30. fxe4 Rxe4 31. Rb3 Rf4+ 32. Kg1 Re2 33. Rf1
Rg4 34. g3 b5 35. Rf2 Rxf2 36. Kxf2 Ra4 37. a3 Kf6 38. Rb4 Rxb4 39. axb4 Ke5 40.
Ke3 f5 41. h4 g5 42. hxg5 hxg5 43. Kf3 f4 44. gxf4+ gxf4 45. b3 Kf5 46. c4 Ke5
47. c5 Kf5 48. Kf2 Ke4 49. Ke2 Kd4 50. Kf3 Kc3 51. Kxf4 Kxb4 52. Ke4 Kxc5 53.
Kd3 Kb4 54. Kc2 Ka3 55. Kc3 c5 56. Kc2 b4 0-1

[Event "Titled Tue 27th May Late"]
[Site "chess.com INT"]
[Date "2025.05.27"]
[Round "2"]
[White "Yanev, Tihomir"]
[Black "Fernandes, Rogerio Paulo Muller"]
[Result "1-0"]
[WhiteTitle "IM"]
[WhiteElo "2354"]
[BlackElo "2241"]
[WhiteFideId "2910110"]
[BlackFideId "2101599"]
[EventDate "2025.05.27"]

1. e4 e6 2. Nc3 d5 3. d4 Bb4 4. e5 c5 5. Bd2 Ne7 6. Nf3 cxd4 7. Nb5 Bxd2+ 8.
Qxd2 O-O 9. Bd3 h6 10. Nbxd4 Nbc6 11. c3 Nxd4 12. cxd4 Nc6 13. O-O Qa5 14. Qe3
Bd7 15. a3 Rac8 16. b4 Qb6 17. Rfc1 Ne7 18. Rc5 a6 19. Rac1 Rc6 20. h4 Rfc8 21.
Bb1 Qd8 22. Qd3 g6 23. Qe3 Qf8 24. Bd3 Nf5 25. Qf4 h5 26. Bxf5 exf5 27. Kh2 b6
28. Rxc6 Rxc6 29. Rxc6 Bxc6 30. Qc1 Bb5 31. Qc7 Be2 32. Ng5 b5 33. e6 fxe6 34.
Qh7# 1-0

[Event "Titled Tue 27th May Late"]
[Site "chess.com INT"]
[Date "2025.05.27"]
[Round "2"]
[White "Tarnowska, Aleksandra"]
[Black "Veiga, Jose Francisco R P Neves"]
[Result "0-1"]
[WhiteTitle "WCM"]
[BlackTitle "IM"]
[WhiteElo "1882"]
[BlackElo "2389"]
[WhiteFideId "1180967"]
[BlackFideId "1930087"]
[EventDate "2025.05.27"]

1. e4 Nc6 2. Nf3 Nf6 3. Bb5 Nxe4 4. O-O e6 5. d4 Be7 6. Bd3 d5 7. Qe2 Nf6 8.
Nbd2 Nb4 9. Ne5 Nxd3 10. Qxd3 O-O 11. Ndf3 c5 12. c3 a5 13. Be3 cxd4 14. Nxd4 a4
15. a3 Qa5 16. f4 Qa6 17. Qc2 Bd7 18. Rf3 Rfc8 19. Rh3 g6 20. Qf2 Ne4 21. Qf3
Be8 22. g4 f6 23. f5 exf5 24. gxf5 fxe5 25. fxg6 Bxg6 26. Nf5 Bf8 27. Kh1 Qe6
28. Nh4 Qf7 29. Qg4 Rc6 30. Rg1 Bh6 31. Bxh6 Nf2+ 32. Kg2 Nxg4 33. Kg3 Nxh6 0-1

[Event "Titled Tue 27th May Late"]
[Site "chess.com INT"]
[Date "2025.05.27"]
[Round "2"]
[White "Zlatkov, Anton"]
[Black "Ferrara, Enzo"]
[Result "1-0"]
[WhiteTitle "FM"]
[WhiteElo "2322"]
[BlackElo "2138"]
[WhiteFideId "15005402"]
[BlackFideId "137731"]
[EventDate "2025.05.27"]

1. e4 e6 2. Nf3 d5 3. Nc3 Nf6 4. e5 Nfd7 5. g3 c5 6. Bg2 Nc6 7. Qe2 Qc7 8. d4
Nxd4 9. Nxd4 cxd4 10. Nb5 Qb6 11. c3 dxc3 12. Nxc3 Bb4 13. O-O O-O 14. Rd1 Bxc3
15. bxc3 Qc5 16. Qe1 Nb6 17. Be3 Qc7 18. Bd4 Nc4 19. f4 Bd7 20. Qf2 b5 21. g4
Rac8 22. Re1 g6 23. Bxa7 Na3 24. Bd4 Nc4 25. h4 Ra8 26. h5 Rfc8 27. hxg6 fxg6
28. f5 Qd8 29. Rf1 exf5 30. Rae1 Be6 31. gxf5 Bxf5 32. e6 Qe7 33. Qg3 Rd8 34.
Rxf5 1-0

[Event "Titled Tue 27th May Late"]
[Site "chess.com INT"]
[Date "2025.05.27"]
[Round "2"]
[White "Novosel, Lovro"]
[Black "Movahed, Sina"]
[Result "0-1"]
[WhiteTitle "FM"]
[BlackTitle "GM"]
[WhiteElo "2346"]
[BlackElo "2518"]
[WhiteFideId "14547120"]
[BlackFideId "42520835"]
[EventDate "2025.05.27"]

1. d4 Nf6 2. c4 g6 3. Nf3 Bg7 4. g3 O-O 5. Bg2 d6 6. O-O Nbd7 7. Nc3 e5 8. e4
exd4 9. Nxd4 Nc5 10. h3 Re8 11. Re1 h6 12. Qc2 Nfxe4 13. Nxe4 Bxd4 14. Bxh6 Nxe4
15. Rxe4 Rxe4 16. Qxe4 Qf6 17. Qe8+ Kh7 18. Bf4 Bxf2+ 19. Kh2 Qe6 20. Qd8 Qe2
21. Qf8 Bd4 22. Qxf7+ Bg7 23. Qxc7 Bxh3 24. Rg1 Rh8 25. Bg5 Bxg2 26. Rxg2 Kg8+
27. Bh4 Rxh4+ 28. gxh4 Be5+ 29. Kh1 Qf1+ 30. Rg1 Qh3# 0-1

[Event "Titled Tue 27th May Late"]
[Site "chess.com INT"]
[Date "2025.05.27"]
[Round "2"]
[White "Gimeno Martos, Roberto"]
[Black "Mueller, Magnus"]
[Result "1-0"]
[WhiteTitle "CM"]
[BlackTitle "CM"]
[WhiteElo "2090"]
[BlackElo "2158"]
[WhiteFideId "2226804"]
[BlackFideId "16230060"]
[EventDate "2025.05.27"]

1. d4 Nf6 2. Nf3 g6 3. Nc3 Bg7 4. e4 d6 5. h3 O-O 6. Be3 a6 7. a4 b6 8. Bd3 Bb7
9. Qd2 c5 10. Bh6 cxd4 11. Nxd4 Nbd7 12. Bxg7 Kxg7 13. h4 h5 14. f3 e5 15. Nde2
Nc5 16. O-O-O b5 17. g4 hxg4 18. h5 Rh8 19. hxg6 fxg6 20. Ng3 b4 21. Nb1 Rc8 22.
Bc4 b3 23. Qg5 d5 24. Nf5+ Kf7 25. Nh6+ Rxh6 26. Rxh6 Ne6 27. Qxg6+ Ke7 28.
Qxf6+ Kd6 29. Qxe6+ Kc5 30. Bxd5 Kb4 31. c3+ Rxc3+ 32. bxc3+ Kxa4 33. Kb2 Qf8
34. c4 Qa3+ 35. Nxa3 Kb4 36. Qd6+ Ka4 37. Qd7+ 1-0

[Event "Titled Tue 27th May Late"]
[Site "chess.com INT"]
[Date "2025.05.27"]
[Round "2"]
[White "Dyachuk, Artem"]
[Black "Topuz, Mirac Melih"]
[Result "0-1"]
[WhiteTitle "FM"]
[BlackTitle "CM"]
[WhiteElo "2356"]
[BlackElo "2130"]
[WhiteFideId "34107924"]
[BlackFideId "26364611"]
[EventDate "2025.05.27"]

1. e4 c5 2. Nf3 e6 3. d4 cxd4 4. Nxd4 Nc6 5. Nc3 Qc7 6. Ncb5 Qb8 7. Bd3 Nf6 8.
O-O Be7 9. Re1 d6 10. Nxc6 bxc6 11. Nd4 Bd7 12. c4 O-O 13. b3 c5 14. Nc2 Bc6 15.
Bb2 Nd7 16. Ne3 a5 17. Qh5 Ne5 18. Bc2 a4 19. f4 Ng6 20. f5 Ne5 21. Bc3 Qc7 22.
Ng4 Nxg4 23. Qxg4 e5 24. Re3 axb3 25. Bxb3 Ba4 26. Rf1 Bxb3 27. axb3 Bf6 28. Rh3
Ra2 29. Be1 Rfa8 30. Bh4 Qe7 31. Rg3 Kf8 32. Qxg7+ Bxg7 33. Bxe7+ Kxe7 34. Rxg7
Rb2 35. Rxh7 Raa2 36. Rg7 Rxb3 37. h4 Rc3 38. f6+ Ke6 39. h5 Rxc4 40. h6 Rxe4
41. Rf3 Rh4 42. Rh3 Rxh3 43. gxh3 Ra8 44. Rh7 Kxf6 45. h4 Rg8+ 46. Rg7 Rxg7+ 0-1

[Event "Titled Tue 27th May Late"]
[Site "chess.com INT"]
[Date "2025.05.27"]
[Round "2"]
[White "Skramstad, Oda Kofoed"]
[Black "Mujumdar, Sameer"]
[Result "0-1"]
[WhiteTitle "WCM"]
[WhiteElo "1898"]
[BlackElo "2029"]
[WhiteFideId "1564862"]
[BlackFideId "2029707"]
[EventDate "2025.05.27"]

1. e4 c5 2. Nf3 d6 3. d4 cxd4 4. Nxd4 Nf6 5. Nc3 a6 6. Be2 e5 7. Nb3 Be7 8. O-O
O-O 9. Be3 Be6 10. h3 Nbd7 11. Qd2 Qc7 12. a4 Rac8 13. a5 Bxb3 14. cxb3 Nc5 15.
Bxc5 Qxc5 16. Bc4 Bd8 17. Nd5 Nxe4 18. Qe2 Nf6 19. Rfd1 Nxd5 20. Rxd5 Qc7 21.
Rad1 Be7 22. Qg4 Kh8 23. Bd3 g6 24. Bc4 f5 25. Qe2 b5 26. axb6 Qxb6 27. Kh1 Rfd8
28. R1d3 e4 29. Rd1 Bf6 30. Qd2 Be5 31. Re1 Rc5 32. Rxc5 Qxc5 33. Bxa6 d5 34.
Rc1 Qd6 35. Be2 Kg8 36. Kg1 Bf4 37. Qc2 Bxc1 38. Qxc1 d4 39. Bc4+ Kg7 40. Qa1 d3
41. Qd1 d2 42. Kf1 f4 43. Ke2 f3+ 44. gxf3 exf3+ 45. Kxf3 Rf8+ 46. Kg2 Qd4 47.
Be2 Qxf2+ 48. Kh1 Qe1+ 49. Kg2 Rf2+ 50. Kg3 Rxe2+ 51. Qxe1 dxe1=Q+ 52. Kg4 Qg1+
53. Kf3 Qf1+ 54. Kg3 Rg2+ 55. Kh4 Qf4# 0-1

[Event "Titled Tue 27th May Late"]
[Site "chess.com INT"]
[Date "2025.05.27"]
[Round "2"]
[White "Pham, Le Thao Nguyen"]
[Black "Sjugirov, Sanan"]
[Result "0-1"]
[WhiteTitle "IM"]
[BlackTitle "GM"]
[WhiteElo "2388"]
[BlackElo "2638"]
[WhiteFideId "12401226"]
[BlackFideId "4189302"]
[EventDate "2025.05.27"]

1. d4 Nf6 2. Nf3 b6 3. g3 Bb7 4. Bg2 g6 5. O-O Bg7 6. c4 O-O 7. Nc3 Ne4 8. Bd2
e6 9. Qc2 Nxd2 10. Qxd2 d6 11. Rac1 Nd7 12. Rfd1 Qe7 13. b4 Rfd8 14. Qc2 a6 15.
e3 Rab8 16. Ne1 Bxg2 17. Nxg2 c6 18. a4 d5 19. cxd5 cxd5 20. b5 axb5 21. Nxb5
Ra8 22. Qb3 Rdc8 23. Nf4 Bf8 24. Nd3 Nf6 25. Ne5 Ne4 26. Kg2 Bg7 27. Nd3 Rxc1
28. Rxc1 Nd2 29. Qc2 Nc4 30. Ra1 Rc8 31. Nb2 Nxe3+ 0-1

[Event "Titled Tue 27th May Late"]
[Site "chess.com INT"]
[Date "2025.05.27"]
[Round "2"]
[White "Brown, Akeem"]
[Black "Hua, Eugene"]
[Result "0-1"]
[WhiteTitle "CM"]
[BlackTitle "FM"]
[WhiteElo "2055"]
[BlackElo "2240"]
[WhiteFideId "7402023"]
[BlackFideId "2618150"]
[EventDate "2025.05.27"]

1. e4 c5 2. Nf3 e6 3. d4 cxd4 4. Nxd4 Nc6 5. Nxc6 bxc6 6. Bd3 d5 7. O-O Nf6 8.
e5 Nd7 9. Re1 g5 10. Qh5 h6 11. Nd2 Qc7 12. Nf3 Bg7 13. h4 Nxe5 14. Nxe5 Bxe5
15. hxg5 hxg5 16. Qxg5 Bd4 17. Bf4 Qe7 18. Qxe7+ Kxe7 19. c3 Bf6 20. Re2 Bd7 21.
Rae1 Rh4 22. Be3 Rah8 23. Bc5+ Ke8 24. g3 Rh2 25. Bxa7 c5 26. Bxc5 Bc6 27. Bd4
Ke7 28. b4 e5 29. Bxe5 Bxe5 30. Rxe5+ Kd6 31. R5e2 d4 32. Be4 d3 33. Re3 d2 34.
Rd3+ Kc7 35. Rxd2 Rh1+ 36. Kg2 Rxe1 37. Bxc6 Kxc6 38. c4 Re4 39. c5 Rxb4 0-1

[Event "Titled Tue 27th May Late"]
[Site "chess.com INT"]
[Date "2025.05.27"]
[Round "2"]
[White "Chen, Yidong"]
[Black "Gelman, Alexander"]
[Result "0-1"]
[BlackTitle "IM"]
[WhiteElo "2038"]
[BlackElo "2403"]
[WhiteFideId "8607028"]
[BlackFideId "4118316"]
[EventDate "2025.05.27"]

1. e4 e5 2. Nf3 d6 3. d4 exd4 4. Nxd4 Nf6 5. Nc3 Be7 6. Bf4 O-O 7. Qd2 Nc6 8.
O-O-O Nxd4 9. Qxd4 Be6 10. f3 a6 11. g4 b5 12. Kb1 c5 13. Qe3 b4 14. Na4 Qa5 15.
b3 Rfd8 16. h4 d5 17. e5 d4 18. Qe1 Nd5 19. Bc1 Bd7 20. Bc4 Bxa4 21. Bxd5 Rxd5
22. bxa4 Qxa4 23. Qe4 Rad8 24. e6 c4 25. exf7+ Kxf7 26. Rhe1 Bf6 27. Qe6+ Kf8
28. Bh6 R5d6 29. Qf5 Qd7 30. Qxh7 gxh6 31. Qxh6+ Bg7 32. Qh5 d3 33. cxd3 Rxd3
34. Rc1 b3 35. Rxc4 Rd1+ 36. Rc1 Qd3# 0-1

[Event "Titled Tue 27th May Late"]
[Site "chess.com INT"]
[Date "2025.05.27"]
[Round "2"]
[White "Gustafsson, Jan"]
[Black "Paval, George"]
[Result "1-0"]
[WhiteTitle "GM"]
[WhiteElo "2591"]
[BlackElo "2139"]
[WhiteFideId "4625498"]
[BlackFideId "1214233"]
[EventDate "2025.05.27"]

1. d4 Nf6 2. c4 e6 3. Nc3 Bb4 4. e3 b6 5. f3 Bb7 6. e4 O-O 7. Bd3 d6 8. Ne2 c5
9. d5 exd5 10. cxd5 a6 11. O-O b5 12. Bg5 Nbd7 13. Ng3 c4 14. Bc2 Bc5+ 15. Kh1
Qb6 16. Nf5 Rae8 17. Qe1 g6 18. Qh4 gxf5 19. Bxf6 Nxf6 20. Qg5+ Kh8 21. Qxf6+
Kg8 22. exf5 Be3 23. Rae1 Qd4 24. Qxd6 b4 25. Ne4 Kh8 26. Qxb4 Bxd5 27. Rd1 Qe5
28. Rfe1 Bd4 29. Qd2 Bxe4 30. Rxe4 c3 31. Qd3 Qf6 32. Qxd4 1-0

[Event "Titled Tue 27th May Late"]
[Site "chess.com INT"]
[Date "2025.05.27"]
[Round "2"]
[White "Navoyan, Gagik"]
[Black "Nicula, Marius"]
[Result "1/2-1/2"]
[WhiteTitle "CM"]
[BlackTitle "FM"]
[WhiteElo "2186"]
[BlackElo "2155"]
[WhiteFideId "13314866"]
[BlackFideId "1203096"]
[EventDate "2025.05.27"]

1. e4 Nf6 2. e5 Nd5 3. Nc3 Nxc3 4. bxc3 d6 5. f4 Bf5 6. d4 e6 7. Nf3 Be7 8. Bd3
Bxd3 9. Qxd3 O-O 10. O-O c5 11. Be3 Qa5 12. Rfb1 Qc7 13. a4 Nc6 14. dxc5 dxe5
15. fxe5 Nxe5 16. Nxe5 Qxe5 17. Rxb7 Bxc5 18. Bd4 Qd5 19. Rb5 Bxd4+ 20. cxd4 Qc6
21. c4 a6 22. Rh5 g6 23. Rc5 Qd6 24. Qe3 Rfd8 25. d5 exd5 26. Rxd5 Qc7 27. Qd4
Rxd5 28. cxd5 Rd8 29. Rc1 Qd6 30. Rd1 h5 31. h3 Kh7 32. Qh4 Kg7 33. Qd4+ Kh7 34.
Rd3 Kg8 35. Qh4 Qc5+ 36. Kh1 Rxd5 37. Rxd5 Qxd5 38. Qb4 a5 39. Qb5 Qd1+ 40. Kh2
Qd6+ 41. Kh1 Qd1+ 42. Kh2 Qd6+ 43. Kh1 Qd1+ 1/2-1/2

[Event "Titled Tue 27th May Late"]
[Site "chess.com INT"]
[Date "2025.05.27"]
[Round "2"]
[White "Asish Panda"]
[Black "Svane, Frederik"]
[Result "0-1"]
[BlackTitle "GM"]
[WhiteElo "1911"]
[BlackElo "2671"]
[WhiteFideId "45012458"]
[BlackFideId "12923044"]
[EventDate "2025.05.27"]

1. e4 c5 2. Nf3 e6 3. g3 d5 4. exd5 exd5 5. d4 cxd4 6. Nxd4 Nc6 7. Bg2 Bb4+ 8.
c3 Ba5 9. O-O Nge7 10. Bg5 O-O 11. Re1 Re8 12. Nb3 Bb6 13. N1d2 h6 14. Be3 Bxe3
15. Rxe3 Be6 16. Nf3 Nf5 17. Re1 Qb6 18. Qd2 a5 19. Rad1 Nd6 20. Nfd4 Nc4 21.
Qc1 a4 22. Nd2 Nxb2 23. Qb1 Nxd4 24. cxd4 Qxd4 25. Nf3 Qf6 26. Rd2 Nc4 27. Rde2
Red8 28. Qxb7 Bg4 29. Nd2 Bxe2 30. Rxe2 Rab8 31. Qc7 Nxd2 32. Rxd2 d4 33. Bf1 a3
34. Qa5 Rb2 35. Bc4 d3 0-1

[Event "Titled Tue 27th May Late"]
[Site "chess.com INT"]
[Date "2025.05.27"]
[Round "2"]
[White "Atis, Hasan"]
[Black "Garcia Correa, Jose Ricardo"]
[Result "1-0"]
[WhiteTitle "CM"]
[BlackTitle "FM"]
[WhiteElo "2089"]
[BlackElo "2103"]
[WhiteFideId "44598017"]
[BlackFideId "5101832"]
[EventDate "2025.05.27"]

1. e4 e5 2. Nf3 Nc6 3. Bb5 a6 4. Ba4 Nf6 5. O-O Be7 6. Re1 b5 7. Bb3 O-O 8. d3
d6 9. c3 Na5 10. Bc2 c5 11. Nbd2 Bb7 12. Nf1 Re8 13. Ng3 h6 14. Nf5 Bf8 15. N3h4
d5 16. Qf3 d4 17. Bd2 c4 18. cxd4 exd4 19. Bxa5 Qxa5 20. Nxh6+ gxh6 21. Qxf6 Bg7
22. Qf3 cxd3 23. Bxd3 Qd2 24. Nf5 Qg5 25. h4 Qf6 26. Rac1 Rac8 27. Qf4 Kh8 28.
Rc7 Rxc7 29. Qxc7 Qxf5 30. Qxb7 Qe6 31. b3 Rg8 32. Qd5 Qg4 33. e5 Bf8 34. g3
Qxh4 35. Qxf7 Rxg3+ 36. fxg3 Qxg3+ 37. Kf1 Qxd3+ 38. Kg2 Qe4+ 39. Rxe4 1-0